[Event "Wroclaw"]
[Site "?"]
[Date "2020.08.27"]
[Round "11.7"]
[White "Fiedorek, Michal"]
[Black "Poltorak, Sebastian"]
[Result "1-0"]
[BlackElo "1841"]
[WhiteElo "1831"]
[LiveChessVersion "1.4.8"]

1. Nf3 {[%clk 0:03:02]} Nf6 {[%clk 0:03:03]} 2. d4 {[%clk 0:02:57]} g6
{[%clk 0:03:04]} 3. c4 {[%clk 0:02:58]} Bg7 {[%clk 0:03:05]} 4. Nc3
{[%clk 0:02:59]} d5 {[%clk 0:03:06]} 5. e3 {[%clk 0:02:58]} O-O {[%clk 0:03:07]}
6. Be2 {[%clk 0:02:57]} dxc4 {[%clk 0:03:07]} 7. Bxc4 {[%clk 0:02:56]} c5
{[%clk 0:03:08]} 8. O-O {[%clk 0:02:53]} Nc6 {[%clk 0:03:08]} 9. dxc5
{[%clk 0:02:39]} Qa5 {[%clk 0:03:09]} 10. Qe2 {[%clk 0:02:09]} Qxc5
{[%clk 0:03:04]} 11. Bb3 {[%clk 0:02:07]} e5 {[%clk 0:02:39]} 12. Rd1
{[%clk 0:01:55]} e4 {[%clk 0:02:35]} 13. Nd4 {[%clk 0:01:48]} Bg4
{[%clk 0:02:33]} 14. f3 {[%clk 0:01:46]} exf3 {[%clk 0:02:33]} 15. gxf3
{[%clk 0:01:41]} Bh5 {[%clk 0:02:26]} 16. Nxc6 {[%clk 0:01:25]} Qxc6
{[%clk 0:02:25]} 17. e4 {[%clk 0:01:21]} Qc7 {[%clk 0:01:59]} 18. Be3
{[%clk 0:01:15]} a6 {[%clk 0:01:54]} 19. Rac1 {[%clk 0:01:15]} Qe7
{[%clk 0:01:43]} 20. Qf2 {[%clk 0:01:12]} Rfd8 {[%clk 0:01:37]} 21. Nd5
{[%clk 0:01:01]} Nxd5 {[%clk 0:01:37]} 22. Bxd5 {[%clk 0:01:01]} Rac8
{[%clk 0:01:27]} 23. Kg2 {[%clk 0:00:51]} b5 {[%clk 0:01:18]} 24. b3
{[%clk 0:00:51]} Kh8 {[%clk 0:00:57]} 25. Rxc8 {[%clk 0:00:49]} Rxc8
{[%clk 0:00:58]} 26. Rc1 {[%clk 0:00:46]} Rd8 {[%clk 0:00:42]} 27. Qg3
{[%clk 0:00:33]} Qf6 {[%clk 0:00:35]} 28. Rc7 {[%clk 0:00:18]} Qb2+
{[%clk 0:00:12]} 29. Qf2 {[%clk 0:00:19]} Qe5 {[%clk 0:00:11]} 30. Rxf7
{[%clk 0:00:17]} h6 {[%clk 0:00:10]} 31. Rxg7 {[%clk 0:00:14]} Rxd5
{[%clk 0:00:10]} 32. exd5 {[%clk 0:00:14]} Bxf3+ {[%clk 0:00:09]} 33. Qxf3
{[%clk 0:00:12]} Kxg7 {[%clk 0:00:09]} 34. Bf4 {[%clk 0:00:12]} Qb2+
{[%clk 0:00:10]} 35. Kg3 {[%clk 0:00:13]} g5 {[%clk 0:00:10]} 36. Bc7
{[%clk 0:00:11]} Kg6 {[%clk 0:00:09]} 37. d6 {[%clk 0:00:12]} Qd4
{[%clk 0:00:09]} 38. Kg2 {[%clk 0:00:09]} h5 {[%clk 0:00:10]} 39. Qf2
{[%clk 0:00:08]} Qd5+ {[%clk 0:00:11]} 40. Kf1 {[%clk 0:00:08]} h4 41. Qc2+
{[%clk 0:00:09]} Kh5 {[%clk 0:00:07]} 42. Qe2+ {[%clk 0:00:10]} Kg6
{[%clk 0:00:08]} 43. Ke1 {[%clk 0:00:06]} Kh6 {[%clk 0:00:07]} 44. Qd2
{[%clk 0:00:07]} Qe5+ {[%clk 0:00:08]} 45. Kd1 {[%clk 0:00:08]} Qa1+
{[%clk 0:00:09]} 46. Ke2 {[%clk 0:00:09]} Qe5+ {[%clk 0:00:10]} 47. Kd3
{[%clk 0:00:10]} Qf5+ {[%clk 0:00:09]} 48. Kc3 {[%clk 0:00:11]} Qe5+
{[%clk 0:00:10]} 49. Kb4 {[%clk 0:00:09]} Qe4+ {[%clk 0:00:05]} 50. Kc5
{[%clk 0:00:09]} Qe5+ {[%clk 0:00:05]} 51. Kc6 {[%clk 0:00:10]} Qe4+
{[%clk 0:00:06]} 52. Kb6 {[%clk 0:00:11]} Qe6 {[%clk 0:00:06]} 53. Kb7
{[%clk 0:00:11]} Qd7 {[%clk 0:00:07]} 54. Qd5 {[%clk 0:00:09]} b4
{[%clk 0:00:05]} 55. Qc6 {[%clk 0:00:10]} Qe6 {[%clk 0:00:06]} 56. d7 1-0

[Event "Wroclaw"]
[Site "?"]
[Date "2020.08.27"]
[Round "11.8"]
[White "Budzisz, Adrian"]
[Black "Baum, Jonasz"]
[Result "0-1"]
[BlackElo "2187"]
[WhiteElo "1767"]
[LiveChessVersion "1.4.8"]

1. e4 {[%clk 0:03:03]} c5 {[%clk 0:03:03]} 2. Nf3 {[%clk 0:03:04]} Nc6
{[%clk 0:03:04]} 3. Bb5 a6 4. Bxc6 {[%clk 0:03:05]} dxc6 {[%clk 0:03:07]} 5. O-O
Qc7 6. b3 {[%clk 0:03:03]} e5 {[%clk 0:03:08]} 7. Bb2 {[%clk 0:03:04]} f6
{[%clk 0:03:02]} 8. d3 {[%clk 0:03:01]} Ne7 {[%clk 0:03:01]} 9. Nbd2
{[%clk 0:03:00]} Ng6 {[%clk 0:03:02]} 10. Re1 {[%clk 0:02:53]} Be7
{[%clk 0:03:01]} 11. a4 {[%clk 0:02:46]} a5 {[%clk 0:03:02]} 12. Nf1
{[%clk 0:02:37]} O-O {[%clk 0:02:57]} 13. Ng3 {[%clk 0:02:29]} Be6
{[%clk 0:02:55]} 14. Qd2 {[%clk 0:02:11]} Qd7 {[%clk 0:02:51]} 15. Rad1
{[%clk 0:01:54]} b6 {[%clk 0:02:46]} 16. Qe2 {[%clk 0:01:31]} Bg4
{[%clk 0:02:29]} 17. h3 {[%clk 0:01:18]} Be6 {[%clk 0:02:30]} 18. Nd2
{[%clk 0:01:04]} Nf4 {[%clk 0:02:23]} 19. Qf1 {[%clk 0:01:05]} h5
{[%clk 0:02:15]} 20. Nc4 {[%clk 0:00:57]} h4 {[%clk 0:02:15]} 21. Nxb6
{[%clk 0:00:52]} Qb7 {[%clk 0:01:48]} 22. Nxa8 {[%clk 0:00:51]} hxg3
{[%clk 0:01:49]} 23. fxg3 {[%clk 0:00:52]} Ng6 {[%clk 0:01:44]} 24. Bc3
{[%clk 0:00:41]} Qxa8 {[%clk 0:01:45]} 25. Qf2 {[%clk 0:00:42]} Bd6
{[%clk 0:01:11]} 26. Qd2 {[%clk 0:00:37]} Bc7 {[%clk 0:01:12]} 27. Kh2
{[%clk 0:00:32]} Bb6 {[%clk 0:01:12]} 28. Rf1 {[%clk 0:00:29]} Qd8
{[%clk 0:01:11]} 29. Qe2 {[%clk 0:00:29]} Kf7 {[%clk 0:01:01]} 30. Kh1
{[%clk 0:00:07]} Qd7 {[%clk 0:00:57]} 31. g4 {[%clk 0:00:04]} Rh8
{[%clk 0:00:52]} 32. Kg1 0-1

[Event "Wroclaw"]
[Site "?"]
[Date "2020.08.27"]
[Round "11.9"]
[White "Kania, Dominik"]
[Black "Luberanski, Jakub"]
[Result "0-1"]
[BlackElo "2087"]
[WhiteElo "1744"]
[LiveChessVersion "1.4.8"]

1. a3 {[%clk 0:03:03]} e5 {[%clk 0:03:03]} 2. c4 {[%clk 0:03:04]} Nf6
{[%clk 0:03:02]} 3. Nc3 {[%clk 0:03:04]} Nc6 {[%clk 0:02:57]} 4. Nf3
{[%clk 0:03:04]} g6 {[%clk 0:02:52]} 5. g3 {[%clk 0:03:02]} Bg7 {[%clk 0:02:53]}
6. Bg2 {[%clk 0:03:03]} O-O {[%clk 0:02:52]} 7. d3 {[%clk 0:03:03]} d5
{[%clk 0:02:47]} 8. cxd5 {[%clk 0:02:56]} Nxd5 {[%clk 0:02:48]} 9. O-O
{[%clk 0:02:54]} Nb6 {[%clk 0:02:29]} 10. Be3 {[%clk 0:02:44]} Nd4
{[%clk 0:02:20]} 11. Rc1 c6 12. b4 {[%clk 0:01:52]} a5 {[%clk 0:01:55]} 13. Bxd4
{[%clk 0:01:23]} exd4 {[%clk 0:01:53]} 14. Ne4 {[%clk 0:01:24]} axb4
{[%clk 0:01:43]} 15. axb4 {[%clk 0:01:25]} Nd5 {[%clk 0:01:36]} 16. Qb3
{[%clk 0:01:13]} Qb6 {[%clk 0:01:27]} 17. Rb1 {[%clk 0:00:26]} Nc3
{[%clk 0:01:11]} 18. Nxc3 {[%clk 0:00:07]} dxc3 {[%clk 0:01:12]} 19. Rfc1
{[%clk 0:00:05]} Be6 {[%clk 0:01:12]} 20. Qd1 {[%clk 0:00:04]} Ra2
{[%clk 0:01:06]} 21. d4 {[%clk 0:00:05]} Bf5 {[%clk 0:00:39]} 22. Ra1
{[%clk 0:00:04]} c2 {[%clk 0:00:38]} 23. Qd2 {[%clk 0:00:04]} Rfa8
{[%clk 0:00:34]} 24. Rxa2 Rxa2 {[%clk 0:00:35]} 25. e3 {[%clk 0:00:04]} Bf8
{[%clk 0:00:34]} 26. Ne1 {[%clk 0:00:03]} Bxb4 {[%clk 0:00:33]} 27. Qe2
{[%clk 0:00:04]} Bxe1 {[%clk 0:00:30]} 28. Qxe1 {[%clk 0:00:06]} Rb2
{[%clk 0:00:22]} 29. e4 {[%clk 0:00:05]} Be6 {[%clk 0:00:23]} 30. Qd2
{[%clk 0:00:05]} Bb3 {[%clk 0:00:19]} 31. d5 {[%clk 0:00:05]} cxd5
{[%clk 0:00:17]} 32. exd5 {[%clk 0:00:06]} Rb1 {[%clk 0:00:16]} 33. h4
{[%clk 0:00:04]} Qd6 {[%clk 0:00:13]} 34. Kh2 {[%clk 0:00:04]} Qa3
{[%clk 0:00:14]} 35. d6 {[%clk 0:00:03]} Qxc1 {[%clk 0:00:12]} 36. Qb4
{[%clk 0:00:03]} Qg1+ {[%clk 0:00:11]} 37. Kh3 {[%clk 0:00:04]} Rd1
{[%clk 0:00:11]} 38. Qxb7 {[%clk 0:00:03]} Rxd6 {[%clk 0:00:10]} 39. Qb8+
{[%clk 0:00:04]} Kg7 {[%clk 0:00:11]} 40. Qxd6 {[%clk 0:00:04]} c1=Q
{[%clk 0:00:08]} 41. Qe5+ {[%clk 0:00:04]} Kh6 {[%clk 0:00:09]} 42. Qe8
{[%clk 0:00:03]} Qh1+ {[%clk 0:00:09]} 43. Kg4 Be6+ {[%clk 0:00:10]} 0-1

[Event "Wroclaw"]
[Site "?"]
[Date "2020.08.27"]
[Round "12.1"]
[White "Niedbala, Bartlomiej"]
[Black "Skurniak, Szymon"]
[Result "1/2-1/2"]
[BlackElo "1963"]
[WhiteElo "2131"]
[LiveChessVersion "1.4.8"]

1. d4 {[%clk 0:03:03]} d6 {[%clk 0:03:04]} 2. Nf3 {[%clk 0:03:02]} Nf6
{[%clk 0:03:04]} 3. c4 {[%clk 0:03:03]} g6 {[%clk 0:03:02]} 4. Nc3
{[%clk 0:03:05]} Bg7 {[%clk 0:03:04]} 5. e4 {[%clk 0:03:06]} O-O {[%clk 0:03:02]}
6. Be2 {[%clk 0:03:07]} Nfd7 {[%clk 0:03:00]} 7. O-O {[%clk 0:03:03]} e5
{[%clk 0:03:01]} 8. Be3 {[%clk 0:03:01]} Re8 {[%clk 0:02:55]} 9. Re1
{[%clk 0:03:00]} exd4 {[%clk 0:02:44]} 10. Nxd4 {[%clk 0:02:58]} Nc5
{[%clk 0:02:42]} 11. f3 {[%clk 0:02:58]} Ne6 {[%clk 0:02:43]} 12. Nxe6
{[%clk 0:02:54]} Bxe6 {[%clk 0:02:44]} 13. Bd4 {[%clk 0:02:55]} Nc6
{[%clk 0:02:44]} 14. Bxg7 {[%clk 0:02:55]} Kxg7 {[%clk 0:02:45]} 15. Qd2
{[%clk 0:02:55]} Qf6 {[%clk 0:02:31]} 16. Rad1 {[%clk 0:02:55]} Qe5
{[%clk 0:02:28]} 17. Bf1 {[%clk 0:02:45]} Qc5+ {[%clk 0:02:29]} 18. Qf2
{[%clk 0:02:42]} Qxf2+ {[%clk 0:02:25]} 19. Kxf2 {[%clk 0:02:43]} Ne5
{[%clk 0:02:13]} 20. b3 {[%clk 0:02:42]} g5 {[%clk 0:02:04]} 21. Nb5
{[%clk 0:02:41]} Re7 {[%clk 0:02:00]} 22. Nd4 {[%clk 0:02:35]} Bd7
{[%clk 0:01:58]} 23. Nc2 {[%clk 0:02:33]} Be6 {[%clk 0:01:52]} 24. Ne3
{[%clk 0:02:34]} Ng6 {[%clk 0:01:48]} 25. Rc1 {[%clk 0:02:18]} Rd8
{[%clk 0:01:40]} 26. Red1 {[%clk 0:02:18]} Red7 {[%clk 0:01:41]} 27. Rd2
{[%clk 0:02:09]} h6 {[%clk 0:01:31]} 28. Nc2 {[%clk 0:02:01]} Ne5
{[%clk 0:01:28]} 29. Nd4 {[%clk 0:02:02]} Ng6 {[%clk 0:01:13]} 30. Rcd1
{[%clk 0:02:01]} Ne5 {[%clk 0:01:13]} 31. Nb5 {[%clk 0:01:58]} a6
{[%clk 0:01:12]} 32. Nc3 {[%clk 0:01:59]} Ng6 {[%clk 0:01:11]} 33. Ne2
{[%clk 0:01:45]} Ne5 {[%clk 0:01:12]} 34. Nd4 {[%clk 0:01:47]} Ng6
{[%clk 0:01:13]} 35. g3 {[%clk 0:01:42]} Kf6 {[%clk 0:01:10]} 36. Nc2
{[%clk 0:01:42]} b6 {[%clk 0:01:00]} 37. Ne3 {[%clk 0:01:42]} Re7
{[%clk 0:00:58]} 38. Rc1 {[%clk 0:01:29]} Ne5 {[%clk 0:00:55]} 39. Be2
{[%clk 0:01:29]} Rde8 {[%clk 0:00:55]} 40. Nc2 {[%clk 0:01:30]} Bd7
{[%clk 0:00:55]} 41. Nd4 {[%clk 0:01:31]} Nc6 {[%clk 0:00:53]} 42. Nxc6
{[%clk 0:01:23]} Bxc6 {[%clk 0:00:54]} 43. g4 {[%clk 0:01:18]} Re5
{[%clk 0:00:52]} 44. Rh1 {[%clk 0:01:18]} Kg7 {[%clk 0:00:36]} 45. h4
{[%clk 0:01:19]} Rh8 {[%clk 0:00:36]} 46. Bd3 {[%clk 0:01:13]} f6
{[%clk 0:00:35]} 47. Kg3 {[%clk 0:01:11]} Ree8 {[%clk 0:00:33]} 48. h5
{[%clk 0:01:12]} Re5 {[%clk 0:00:34]} 49. Rc1 {[%clk 0:01:13]} Rhe8
{[%clk 0:00:33]} 50. Bf1 {[%clk 0:01:04]} R5e7 {[%clk 0:00:35]} 51. b4
{[%clk 0:01:04]} Re5 {[%clk 0:00:35]} 52. Rdc2 {[%clk 0:00:55]} a5
{[%clk 0:00:35]} 53. a3 {[%clk 0:00:42]} Ba4 {[%clk 0:00:34]} 54. Rc3
{[%clk 0:00:43]} Bd7 {[%clk 0:00:34]} 55. c5 {[%clk 0:00:42]} axb4
{[%clk 0:00:31]} 56. axb4 {[%clk 0:00:43]} bxc5 {[%clk 0:00:30]} 57. bxc5
{[%clk 0:00:45]} Rxc5 {[%clk 0:00:22]} 58. Rxc5 {[%clk 0:00:46]} dxc5
{[%clk 0:00:23]} 59. Rxc5 {[%clk 0:00:47]} c6 {[%clk 0:00:25]} 60. Ba6
{[%clk 0:00:47]} Re5 {[%clk 0:00:25]} 61. Rc3 {[%clk 0:00:36]} 1/2-1/2

[Event "Wroclaw"]
[Site "?"]
[Date "2020.08.27"]
[Round "12.2"]
[White "Koziorowicz, Michal"]
[Black "Kacprzak, Kacper"]
[Result "0-1"]
[BlackElo "2035"]
[WhiteElo "2061"]
[LiveChessVersion "1.4.8"]

1. e4 {[%clk 0:03:03]} c5 {[%clk 0:03:04]} 2. Nf3 d6 3. Bb5+ {[%clk 0:03:06]} Bd7
{[%clk 0:03:07]} 4. Bxd7+ {[%clk 0:03:07]} Qxd7 {[%clk 0:03:08]} 5. O-O
{[%clk 0:03:07]} g6 {[%clk 0:03:06]} 6. c3 {[%clk 0:03:08]} Bg7 {[%clk 0:03:06]}
7. d4 {[%clk 0:03:09]} Nf6 {[%clk 0:03:06]} 8. Bg5 {[%clk 0:03:00]} O-O
{[%clk 0:03:05]} 9. Re1 {[%clk 0:02:58]} Nc6 {[%clk 0:02:58]} 10. dxc5
{[%clk 0:02:56]} dxc5 {[%clk 0:02:56]} 11. Qxd7 {[%clk 0:02:57]} Nxd7
{[%clk 0:02:57]} 12. Nbd2 {[%clk 0:02:58]} h6 {[%clk 0:02:54]} 13. Be3
{[%clk 0:02:59]} b6 {[%clk 0:02:56]} 14. Nf1 {[%clk 0:02:51]} Nde5
{[%clk 0:02:57]} 15. Nxe5 {[%clk 0:02:28]} Nxe5 {[%clk 0:02:58]} 16. Rad1
{[%clk 0:02:28]} Rad8 {[%clk 0:02:53]} 17. f3 {[%clk 0:02:18]} e6
{[%clk 0:02:31]} 18. Ng3 {[%clk 0:01:39]} Nc4 {[%clk 0:01:56]} 19. Bc1 Ne5 20.
Be3 {[%clk 0:01:34]} Rfe8 {[%clk 0:01:48]} 21. Kf1 {[%clk 0:01:24]} a5
{[%clk 0:01:41]} 22. Ke2 a4 23. Bc1 {[%clk 0:01:07]} Nc4 {[%clk 0:01:31]} 24. Nf1
{[%clk 0:01:07]} b5 {[%clk 0:00:49]} 25. Ne3 {[%clk 0:01:01]} Ne5
{[%clk 0:00:50]} 26. b3 {[%clk 0:00:55]} axb3 {[%clk 0:00:47]} 27. axb3 Ra8 28.
Bd2 {[%clk 0:00:51]} Red8 {[%clk 0:00:43]} 29. Ra1 {[%clk 0:00:48]} Nd3
{[%clk 0:00:31]} 30. Rxa8 {[%clk 0:00:41]} Nf4+ {[%clk 0:00:32]} 31. Kf1
{[%clk 0:00:21]} Rxa8 {[%clk 0:00:34]} 32. g3 {[%clk 0:00:22]} Nd3
{[%clk 0:00:32]} 33. Rb1 {[%clk 0:00:23]} Ra2 {[%clk 0:00:27]} 34. Ke2
{[%clk 0:00:23]} Bxc3 {[%clk 0:00:23]} 35. Kxd3 {[%clk 0:00:24]} Bxd2
{[%clk 0:00:24]} 36. Ng4 {[%clk 0:00:15]} Kg7 {[%clk 0:00:24]} 37. Ne5
{[%clk 0:00:13]} Bb4 {[%clk 0:00:21]} 38. h4 {[%clk 0:00:13]} Rg2
{[%clk 0:00:13]} 39. g4 {[%clk 0:00:12]} Rh2 {[%clk 0:00:13]} 40. Nd7
{[%clk 0:00:11]} Rxh4 {[%clk 0:00:11]} 41. Rc1 {[%clk 0:00:12]} Rh3
{[%clk 0:00:12]} 42. Ke3 {[%clk 0:00:13]} Rh2 {[%clk 0:00:13]} 43. Rd1
{[%clk 0:00:09]} Rb2 {[%clk 0:00:13]} 44. Ne5 {[%clk 0:00:10]} Rxb3+
{[%clk 0:00:12]} 45. Kf4 {[%clk 0:00:11]} Bc3 {[%clk 0:00:09]} 46. Nd7
{[%clk 0:00:10]} g5+ {[%clk 0:00:10]} 47. Kg3 {[%clk 0:00:11]} Bd4
{[%clk 0:00:12]} 48. Nb8 {[%clk 0:00:09]} Rb2 {[%clk 0:00:12]} 49. Nc6
{[%clk 0:00:10]} e5 {[%clk 0:00:14]} 50. Nxd4 {[%clk 0:00:06]} exd4
{[%clk 0:00:14]} 51. f4 {[%clk 0:00:06]} Rb3+ {[%clk 0:00:15]} 52. Kg2
{[%clk 0:00:07]} gxf4 {[%clk 0:00:17]} 53. Rf1 {[%clk 0:00:08]} Rg3+
{[%clk 0:00:18]} 54. Kh2 {[%clk 0:00:09]} Rxg4 {[%clk 0:00:19]} 55. Ra1
{[%clk 0:00:11]} f3 {[%clk 0:00:20]} 56. Ra5 {[%clk 0:00:12]} Rxe4
{[%clk 0:00:20]} 57. Rxb5 {[%clk 0:00:13]} c4 {[%clk 0:00:21]} 58. Rf5
{[%clk 0:00:13]} d3 {[%clk 0:00:21]} 59. Rxf3 {[%clk 0:00:11]} d2
{[%clk 0:00:22]} 60. Rf1 {[%clk 0:00:11]} c3 {[%clk 0:00:24]} 61. Rg1+
{[%clk 0:00:07]} Kh7 {[%clk 0:00:25]} 62. Rf1 {[%clk 0:00:07]} c2
{[%clk 0:00:26]} 63. Rxf7+ {[%clk 0:00:09]} Kg6 {[%clk 0:00:27]} 64. Rf2
{[%clk 0:00:09]} d1=Q {[%clk 0:00:25]} 65. Rg2+ {[%clk 0:00:11]} Rg4
{[%clk 0:00:25]} 66. Rf2 {[%clk 0:00:10]} Qd6+ {[%clk 0:00:26]} 0-1

[Event "Wroclaw"]
[Site "?"]
[Date "2020.08.27"]
[Round "12.3"]
[White "Oglaza, Oskar"]
[Black "Fiedorek, Michal"]
[Result "1-0"]
[BlackElo "1831"]
[WhiteElo "2183"]
[LiveChessVersion "1.4.8"]

1. b3 {[%clk 0:02:59]} Nf6 {[%clk 0:03:02]} 2. Bb2 {[%clk 0:02:59]} g6
{[%clk 0:03:02]} 3. g3 {[%clk 0:02:36]} Bg7 {[%clk 0:02:59]} 4. Bg2
{[%clk 0:02:36]} O-O {[%clk 0:02:57]} 5. d3 {[%clk 0:02:32]} d6 {[%clk 0:02:55]}
6. Nd2 {[%clk 0:02:28]} e5 {[%clk 0:02:53]} 7. e4 {[%clk 0:02:21]} Nc6
{[%clk 0:02:49]} 8. Ne2 {[%clk 0:02:16]} Nd7 {[%clk 0:02:41]} 9. O-O
{[%clk 0:02:02]} f5 {[%clk 0:02:32]} 10. exf5 {[%clk 0:02:00]} gxf5
{[%clk 0:02:33]} 11. f4 {[%clk 0:01:57]} Nc5 {[%clk 0:02:11]} 12. fxe5
{[%clk 0:01:29]} dxe5 {[%clk 0:02:06]} 13. Nc4 {[%clk 0:01:25]} Qg5
{[%clk 0:01:41]} 14. Qe1 {[%clk 0:01:11]} Be6 {[%clk 0:01:19]} 15. Qf2
{[%clk 0:01:02]} Nd7 {[%clk 0:01:15]} 16. Rae1 {[%clk 0:00:57]} Rae8
{[%clk 0:01:14]} 17. Kh1 {[%clk 0:00:55]} Kh8 {[%clk 0:00:52]} 18. Ng1
{[%clk 0:00:55]} Nd4 {[%clk 0:00:34]} 19. Nh3 {[%clk 0:00:21]} Qd8
{[%clk 0:00:20]} 20. Bxd4 {[%clk 0:00:15]} exd4 {[%clk 0:00:21]} 21. Nf4
{[%clk 0:00:16]} Bxc4 {[%clk 0:00:17]} 22. bxc4 {[%clk 0:00:16]} Nc5
{[%clk 0:00:13]} 23. Bf3 {[%clk 0:00:15]} Qd6 {[%clk 0:00:11]} 24. Qg2
{[%clk 0:00:10]} c6 {[%clk 0:00:12]} 25. Qh3 {[%clk 0:00:10]} Kg8
{[%clk 0:00:11]} 26. Nh5 {[%clk 0:00:08]} Be5 {[%clk 0:00:09]} 27. Qh4
{[%clk 0:00:08]} Qe7 {[%clk 0:00:07]} 28. Qh3 {[%clk 0:00:08]} Qg5
{[%clk 0:00:07]} 29. Rg1 {[%clk 0:00:08]} a5 {[%clk 0:00:07]} 30. g4
{[%clk 0:00:07]} Kh8 {[%clk 0:00:04]} 31. gxf5 {[%clk 0:00:07]} Qxf5
{[%clk 0:00:05]} 32. Qxf5 Rxf5 33. Bg4 {[%clk 0:00:07]} Rf2 {[%clk 0:00:07]} 34.
Rg2 {[%clk 0:00:06]} Rxg2 {[%clk 0:00:05]} 35. Kxg2 Rg8 {[%clk 0:00:05]} 36. Rxe5
{[%clk 0:00:07]} Rxg4+ {[%clk 0:00:06]} 37. Kf3 {[%clk 0:00:08]} Nd7
{[%clk 0:00:05]} 38. Re7 {[%clk 0:00:08]} Rh4 {[%clk 0:00:05]} 39. Re8+
{[%clk 0:00:09]} 1-0

[Event "Wroclaw"]
[Site "?"]
[Date "2020.08.27"]
[Round "12.4"]
[White "Suder, Jakub"]
[Black "Ochedzan, Tymon"]
[Result "0-1"]
[BlackElo "1972"]
[WhiteElo "2031"]
[LiveChessVersion "1.4.8"]

1. d4 {[%clk 0:03:04]} Nf6 2. c4 c5 {[%clk 0:03:04]} 3. d5 {[%clk 0:03:05]} b5
{[%clk 0:03:05]} 4. Qc2 {[%clk 0:03:06]} bxc4 {[%clk 0:03:05]} 5. e4
{[%clk 0:03:07]} d6 {[%clk 0:03:04]} 6. Nf3 {[%clk 0:03:06]} g6 {[%clk 0:03:04]}
7. Bxc4 {[%clk 0:03:05]} Bg7 {[%clk 0:03:05]} 8. Nc3 {[%clk 0:03:05]} O-O
{[%clk 0:03:04]} 9. O-O {[%clk 0:03:05]} Ba6 {[%clk 0:02:58]} 10. Nd2
{[%clk 0:02:58]} Ng4 {[%clk 0:02:39]} 11. h3 {[%clk 0:02:52]} Ne5
{[%clk 0:02:30]} 12. Bxa6 {[%clk 0:02:52]} Nxa6 {[%clk 0:02:31]} 13. a3
{[%clk 0:02:54]} Qb6 {[%clk 0:02:15]} 14. Kh1 {[%clk 0:02:30]} g5
{[%clk 0:01:55]} 15. Nd1 {[%clk 0:02:03]} Rab8 {[%clk 0:01:37]} 16. Rb1
{[%clk 0:01:52]} Nc7 {[%clk 0:01:37]} 17. b4 {[%clk 0:01:22]} cxb4
{[%clk 0:01:30]} 18. Rxb4 {[%clk 0:01:13]} Qc5 {[%clk 0:01:13]} 19. Qb1
{[%clk 0:00:41]} Rxb4 {[%clk 0:01:08]} 20. axb4 {[%clk 0:00:42]} Qb5
{[%clk 0:01:04]} 21. Ne3 {[%clk 0:00:28]} Rb8 {[%clk 0:01:02]} 22. Ba3
{[%clk 0:00:25]} Qa4 {[%clk 0:00:59]} 23. Qc1 {[%clk 0:00:22]} Nb5
{[%clk 0:00:58]} 24. Bb2 {[%clk 0:00:23]} Nd3 {[%clk 0:00:57]} 25. Qa1
{[%clk 0:00:14]} Nxb2 {[%clk 0:00:53]} 26. Nf5 {[%clk 0:00:14]} Qxa1 27. Rxa1
{[%clk 0:00:15]} Bf6 {[%clk 0:00:48]} 28. Ra5 {[%clk 0:00:12]} Nd3
{[%clk 0:00:45]} 29. Ra4 {[%clk 0:00:05]} Nxf2+ {[%clk 0:00:45]} 30. Kg1
{[%clk 0:00:06]} Nd3 {[%clk 0:00:46]} 31. Nc4 {[%clk 0:00:04]} e6
{[%clk 0:00:36]} 32. dxe6 {[%clk 0:00:04]} fxe6 {[%clk 0:00:37]} 33. Nfxd6 Nxd6
{[%clk 0:00:38]} 34. Nxd6 {[%clk 0:00:06]} Rxb4 {[%clk 0:00:37]} 35. Rxa7
{[%clk 0:00:03]} Bd4+ {[%clk 0:00:38]} 36. Kh2 {[%clk 0:00:03]} Bxa7
{[%clk 0:00:39]} 0-1

[Event "Wroclaw"]
[Site "?"]
[Date "2020.08.27"]
[Round "12.5"]
[White "Kacprzak, Karol"]
[Black "Luczak, Filip"]
[Result "0-1"]
[BlackElo "1891"]
[WhiteElo "2012"]
[LiveChessVersion "1.4.8"]

1. d4 {[%clk 0:03:03]} Nf6 {[%clk 0:03:01]} 2. Nf3 {[%clk 0:03:04]} c5
{[%clk 0:03:01]} 3. e3 {[%clk 0:03:05]} cxd4 {[%clk 0:02:58]} 4. exd4
{[%clk 0:03:06]} d5 {[%clk 0:03:00]} 5. b3 {[%clk 0:03:03]} Nc6 {[%clk 0:03:01]}
6. Bb2 {[%clk 0:03:04]} Bg4 {[%clk 0:03:00]} 7. Be2 {[%clk 0:03:05]} e6
{[%clk 0:02:48]} 8. Nbd2 {[%clk 0:03:04]} Be7 {[%clk 0:02:49]} 9. O-O
{[%clk 0:03:04]} O-O {[%clk 0:02:49]} 10. Ne5 {[%clk 0:02:40]} Bxe2
{[%clk 0:02:35]} 11. Qxe2 {[%clk 0:02:39]} Qb6 {[%clk 0:02:17]} 12. Ndf3
{[%clk 0:02:12]} Rfd8 {[%clk 0:02:16]} 13. Rfd1 {[%clk 0:02:08]} Rac8
{[%clk 0:02:14]} 14. Rac1 {[%clk 0:02:04]} Nd7 {[%clk 0:01:49]} 15. Nd3
{[%clk 0:01:35]} Nb4 {[%clk 0:01:28]} 16. Nxb4 {[%clk 0:01:18]} Bxb4
{[%clk 0:01:29]} 17. c3 {[%clk 0:01:13]} Bd6 {[%clk 0:01:28]} 18. c4
{[%clk 0:01:11]} Bf4 {[%clk 0:00:38]} 19. c5 {[%clk 0:00:47]} Qc6
{[%clk 0:00:39]} 20. Rc2 {[%clk 0:00:44]} Nf6 {[%clk 0:00:11]} 21. a4
{[%clk 0:00:21]} a5 {[%clk 0:00:12]} 22. Bc1 {[%clk 0:00:17]} Bxc1
{[%clk 0:00:09]} 23. Rdxc1 {[%clk 0:00:18]} Nd7 {[%clk 0:00:07]} 24. Qd2
{[%clk 0:00:16]} Ra8 {[%clk 0:00:08]} 25. Qd3 {[%clk 0:00:17]} h6
{[%clk 0:00:06]} 26. h3 {[%clk 0:00:17]} b6 {[%clk 0:00:07]} 27. cxb6
{[%clk 0:00:05]} Qxb6 {[%clk 0:00:09]} 28. Rc6 {[%clk 0:00:06]} Qb4
{[%clk 0:00:09]} 29. Rc7 {[%clk 0:00:05]} Rab8 {[%clk 0:00:08]} 30. R1c3
{[%clk 0:00:07]} Nf6 {[%clk 0:00:09]} 31. Ne5 {[%clk 0:00:07]} Rb7
{[%clk 0:00:07]} 32. Rxb7 {[%clk 0:00:05]} Qxb7 {[%clk 0:00:09]} 33. Nc6
{[%clk 0:00:04]} Re8 {[%clk 0:00:09]} 34. Nxa5 {[%clk 0:00:05]} Qb4
{[%clk 0:00:10]} 35. Nc6 {[%clk 0:00:05]} Qa3 {[%clk 0:00:11]} 36. Ne5 Ne4 37.
Rc2 {[%clk 0:00:05]} Rb8 {[%clk 0:00:13]} 38. f3 {[%clk 0:00:05]} Rxb3
{[%clk 0:00:13]} 39. Rc8+ {[%clk 0:00:05]} Kh7 {[%clk 0:00:14]} 40. Qc2
{[%clk 0:00:06]} Rb2 {[%clk 0:00:10]} 41. Qc6 {[%clk 0:00:03]} Qe3+
{[%clk 0:00:11]} 42. Kh2 {[%clk 0:00:04]} Rxg2+ {[%clk 0:00:11]} 43. Kxg2
{[%clk 0:00:05]} Qf2+ {[%clk 0:00:13]} 44. Kh1 {[%clk 0:00:06]} Ng3#
{[%clk 0:00:13]} 0-1